[Event "SVK-chT2A 2223"]
[Site "Slovakia"]
[Date "2022.11.26"]
[Round "5.1"]
[White "Sahidi, Samir"]
[Black "Gabris, Ondrej"]
[Result "1-0"]
[WhiteElo "2475"]
[BlackElo "2211"]
[PlyCount "69"]
[EventDate "2022.10.08"]
[EventType "team-tourn"]
[EventRounds "11"]
[EventCountry "SVK"]
[SourceTitle "EXT 2024"]
[Source "ChessBase"]
[SourceDate "2023.10.10"]
[SourceVersion "1"]
[SourceVersionDate "2023.10.10"]
[SourceQuality "1"]
[WhiteTeam "Cifer"]
[BlackTeam "Pezinok"]
[WhiteTeamCountry "SVK"]
[BlackTeamCountry "SVK"]

1. d4 Nf6 2. c4 e5 3. dxe5 Ng4 4. Bf4 Bb4+ 5. Nc3 Nc6 6. Nf3 Qe7 7. Qd5 Bxc3+ 8. bxc3 f6 9. exf6 Nxf6 10. Qd3 d6 11. g3 Ne4 12. Bg2 0-0 13. Nd4 Nc5 14. Qe3 Ne5 15. Nb3 Na4 16. c5 Qf6 17. cxd6 cxd6 18. Bxe5 Qxe5 19. Qxe5 dxe5 20. Bd5+ Kh8 21. c4 Rb8 22. f3 b5 23. cxb5 Nc3 24. Bc6 e4 25. Kd2 Nxb5 26. Bxe4 Be6 27. Nc5 Rfd8+ 28. Ke3 Bf7 29. Rhc1 Na3 30. Bd3 Rbc8 31. Kf2 Rb8 32. Na6 Rb6 33. Rc7 Bd5 34. Rxa7 Nb5 35. Bxb5 1-0

[Event "SVK-chT2A 2122"]
[Site "Slovakia"]
[Date "2022.04.30"]
[Round "10.1"]
[White "Pacher, Milan"]
[Black "Gabris, Ondrej"]
[Result "1-0"]
[WhiteElo "2394"]
[BlackElo "2191"]
[PlyCount "55"]
[EventDate "2021.10.16"]
[EventType "team-tourn"]
[EventRounds "11"]
[EventCountry "SVK"]
[SourceTitle "EXT 2023"]
[Source "ChessBase"]
[SourceDate "2022.10.05"]
[SourceVersion "1"]
[SourceVersionDate "2022.10.05"]
[SourceQuality "1"]
[WhiteTeam "Trnava Sered"]
[BlackTeam "Pezinok"]
[WhiteTeamCountry "SVK"]
[BlackTeamCountry "SVK"]

1. e4 d5 2. exd5 Nf6 3. Bb5+ Bd7 4. Be2 Bf5 5. Nf3 Nxd5 6. 0-0 e6 7. d4 Be7 8. a3 0-0 9. c4 Nb6 10. Nc3 c6 11. Be3 N8d7 12. b4 Bf6 13. Qb3 e5 14. Rad1 e4 15. Nd2 Qe7 16. c5 Nc8 17. Nc4 Re8 18. d5 Ne5 19. d6 Qe6 20. Bd4 Nd7 21. Na5 Qxb3 22. Nxb3 Bd8 23. g4 Bg6 24. f4 exf3 25. Bxf3 Bh4 26. Na5 Rb8 27. Nxb7 Rxb7 28. Bxc6 1-0

[Event "SVK-chT2A 2122"]
[Site "Slovakia"]
[Date "2022.03.05"]
[Round "5.1"]
[White "Sukuba, Zdeno"]
[Black "Gabris, Ondrej"]
[Result "1/2-1/2"]
[WhiteElo "2113"]
[BlackElo "2199"]
[PlyCount "145"]
[EventDate "2021.10.16"]
[EventType "team-tourn"]
[EventRounds "11"]
[EventCountry "SVK"]
[SourceTitle "EXT 2023"]
[Source "ChessBase"]
[SourceDate "2022.10.05"]
[SourceVersion "1"]
[SourceVersionDate "2022.10.05"]
[SourceQuality "1"]
[WhiteTeam "Krasnany"]
[BlackTeam "Pezinok"]
[WhiteTeamCountry "SVK"]
[BlackTeamCountry "SVK"]

1. c4 Nf6 2. Nc3 g6 3. e4 d6 4. Nf3 Bg7 5. d4 0-0 6. h3 e5 7. dxe5 dxe5 8. Qxd8 Rxd8 9. Bg5 c6 10. Nxe5 Na6 11. Nf3 Nc5 12. e5 Re8 13. 0-0-0 Nfd7 14. Be3 Ne6 15. Ne4 Nxe5 16. Nd6 Rd8 17. Be2 Nxf3 18. Bxf3 Be5 19. Nxc8 Raxc8 20. a3 Bf4 21. Kc2 Bxe3 22. fxe3 Kf8 23. h4 Ke7 24. h5 Kf6 25. Rdf1 Ke5 26. Rh4 Ng5 27. Rg4 f6 28. hxg6 hxg6 29. Rh4 Rh8 30. Rfh1 Rxh4 31. Rxh4 f5 32. Rd4 Ne6 33. Rd7 Rc7 34. Rxc7 Nxc7 35. Kd3 Ne6 36. b4 Ng5 37. Be2 Ne4 38. Bf3 Ng5 39. Be2 b6 40. Bd1 Ne6 41. Bf3 c5 42. b5 f4 43. Bd5 Ng5 44. Bc6 Ne6 45. Ke2 g5 46. Bd7 Nf8 47. Be8 g4 48. Bc6 Ng6 49. Kf2 Kf5 50. exf4 Nxf4 51. Ke3 Ke5 52. g3 Nh5 53. Bd7 Nf6 54. Bc8 Ne4 55. Bxg4 Nxg3 56. Bf3 Nf5+ 57. Kd3 Kf4 58. Be4 Nh4 59. a4 Nf3 60. Bd5 Nd4 61. Bb7 Ke5 62. Ke3 Nb3 63. Bd5 Nd4 64. Bb7 Nf5+ 65. Kd3 Nd6 66. Bd5 Kf4 67. Be6 Ne4 68. Bd5 Nf2+ 69. Kd2 Ng4 70. Kd3 Ne5+ 71. Ke2 Ng4 72. Kd3 Ke5 73. Bf3 1/2-1/2

[Event "SVK-chT3A2 2122"]
[Site "Slovakia"]
[Date "2022.01.30"]
[Round "8.1"]
[White "Gabris, Ondrej"]
[Black "Puchart, Vladimir"]
[Result "0-1"]
[WhiteElo "2199"]
[BlackElo "2057"]
[PlyCount "102"]
[EventDate "2021.10.10"]
[EventType "team-tourn"]
[EventRounds "11"]
[EventCountry "SVK"]
[SourceTitle "EXT 2023"]
[Source "ChessBase"]
[SourceDate "2022.10.05"]
[SourceVersion "1"]
[SourceVersionDate "2022.10.05"]
[SourceQuality "1"]
[WhiteTeam "Trnava Lokomotiva"]
[BlackTeam "Cifer II"]
[WhiteTeamCountry "SVK"]
[BlackTeamCountry "SVK"]

1. Nf3 c5 2. e4 d6 3. d4 cxd4 4. c3 dxc3 5. Nxc3 Nc6 6. Bc4 a6 7. 0-0 e6 8. Qe2 Nf6 9. Rd1 Qc7 10. Bf4 Ne5 11. Bxe5 dxe5 12. Rac1 Qb8 13. Bb5+ Bd7 14. Bxd7+ Nxd7 15. Nb5 axb5 16. Qxb5 Bd6 17. Nxe5 Bxe5 18. Qxd7+ Kf8 19. Rc5 g6 20. Rb5 b6 21. g3 Kg7 22. f4 Bc7 23. Qd4+ e5 24. Qc3 Ra5 25. Rbd5 Rxd5 26. Rxd5 Rd8 27. Rxd8 Qxd8 28. fxe5 Kg8 29. Kf2 Qe7 30. Qc4 Qxe5 31. b4 h5 32. a4 h4 33. gxh4 Qxh2+ 34. Kf3 Qg3+ 35. Ke2 Bf4 36. Qd4 Bc7 37. Qc4 Qe5 38. Kd3 Kg7 39. Qc6 Bd8 40. Kc4 Bxh4 41. Qxb6 Bf6 42. Qc6 g5 43. a5 g4 44. a6 Qc3+ 45. Kb5 Qxc6+ 46. Kxc6 Bd4 47. b5 g3 48. b6 Bxb6 49. Kxb6 g2 50. a7 g1Q+ 51. Kc7 Qxa7+ 0-1

[Event "SVK-chT2A 1819"]
[Site "Slovakia"]
[Date "2018.11.17"]
[Round "3.1"]
[White "Gabris, Ondrej"]
[Black "Pechac, Jergus"]
[Result "0-1"]
[WhiteElo "2172"]
[BlackElo "2459"]
[PlyCount "90"]
[EventDate "2018.10.13"]
[EventType "team-tourn"]
[EventRounds "11"]
[EventCountry "SVK"]
[SourceTitle "CBM 189 Extra"]
[Source "ChessBase"]
[SourceDate "2019.06.03"]
[SourceVersion "1"]
[SourceVersionDate "2019.06.03"]
[SourceQuality "1"]
[WhiteTeam "Pezinok"]
[BlackTeam "Osuske II"]
[WhiteTeamCountry "SVK"]
[BlackTeamCountry "SVK"]

1. Nf3 d5 2. g3 g6 3. Bg2 Bg7 4. c4 dxc4 5. Qa4+ Nc6 6. Qxc4 e5 7. d3 Nge7 8. Nc3 0-0 9. 0-0 Be6 10. Qa4 Qc8 11. Re1 Bh3 12. Bh1 h6 13. Be3 Rd8 14. Rac1 Nd4 15. Nb5 Nxb5 16. Qxb5 c6 17. Qa4 Nf5 18. Bc5 Qe6 19. Nd2 Nd4 20. Bxd4 Rxd4 21. Qb3 Qe7 22. a3 Kh7 23. Ne4 Rf8 24. Nc5 b6 25. Na4 c5 26. Nc3 Qd7 27. Qb5 Qc8 28. Bd5 Bd7 29. Qb3 f5 30. Red1 f4 31. e3 Rxd5 32. Nxd5 f3 33. e4 Be6 34. Kh1 h5 35. Rg1 Bh6 36. Rce1 Bh3 37. Qd1 b5 38. Qc2 a6 39. b3 b4 40. a4 a5 41. Rd1 Qg4 42. Qxc5 Bg2+ 43. Rxg2 fxg2+ 44. Kxg2 Qxd1 45. Qe7+ Bg7 0-1

[Event "SVK-chT2A 1415"]
[Site "Slovakia"]
[Date "2015.02.01"]
[Round "7.2"]
[White "Gabris, Ondrej"]
[Black "Maslikova, Veronika"]
[Result "1-0"]
[WhiteElo "2251"]
[BlackElo "2234"]
[PlyCount "109"]
[EventDate "2014.10.11"]
[EventType "team-tourn"]
[EventRounds "11"]
[EventCountry "SVK"]
[SourceTitle "EXT 2016"]
[Source "ChessBase"]
[SourceDate "2015.10.08"]
[SourceVersion "1"]
[SourceVersionDate "2015.10.08"]
[SourceQuality "1"]
[WhiteTeam "Pezinok"]
[BlackTeam "Bratislava KSN"]
[WhiteTeamCountry "SVK"]
[BlackTeamCountry "SVK"]

1. e4 c5 2. Nc3 Nc6 3. f4 d6 4. Nf3 g6 5. Bb5 Bg7 6. 0-0 a6 7. Bxc6+ bxc6 8. d3 Rb8 9. h3 Qa5 10. Qe1 d5 11. e5 e6 12. b3 Qb4 13. Bd2 Qb6 14. Na4 Qa7 15. c4 Bd7 16. Qf2 d4 17. Ng5 Bf8 18. Rae1 Be7 19. Ne4 h5 20. g3 Nh6 21. Qe2 Kd8 22. g4 hxg4 23. hxg4 Kc7 24. Ba5+ Kb7 25. Bb6 Qa8 26. Bxc5 Bxc5 27. Naxc5+ Kc7 28. Kg2 Rbg8 29. Rh1 Qd8 30. Nf6 Nf5 31. gxf5 gxf5+ 32. Kf3 Rxh1 33. Rxh1 Rh8 34. Qd2 Bc8 35. Rxh8 Qxh8 36. Qa5+ Kb8 37. Qb6+ Ka8 38. Qxc6+ Ka7 39. Qc7+ Ka8 40. Kg2 Qg7+ 41. Kf1 Qh8 42. Qc6+ Ka7 43. Nfd7 Qh3+ 44. Qg2 Qe3 45. Qf2 Qc1+ 46. Kg2 Qc3 47. Nf6 Qa1 48. Ne8 Kb6 49. Na4+ Ka7 50. Nd6 Bd7 51. Qf3 Qxa2+ 52. Kg3 Qxb3 53. Nc5 Qb1 54. Nxd7 Qg1+ 55. Kh3 1-0

[Event "SVK-chT2A 1415"]
[Site "Slovakia"]
[Date "2014.12.06"]
[Round "5.1"]
[White "Dolnak, Michal"]
[Black "Gabris, Ondrej"]
[Result "1-0"]
[WhiteElo "2187"]
[BlackElo "2251"]
[PlyCount "139"]
[EventDate "2014.10.11"]
[EventType "team-tourn"]
[EventRounds "11"]
[EventCountry "SVK"]
[SourceTitle "EXT 2016"]
[Source "ChessBase"]
[SourceDate "2015.10.08"]
[SourceVersion "1"]
[SourceVersionDate "2015.10.08"]
[SourceQuality "1"]
[WhiteTeam "Bratislava Krasnany"]
[BlackTeam "Pezinok"]
[WhiteTeamCountry "SVK"]
[BlackTeamCountry "SVK"]

1. d4 Nf6 2. c4 e6 3. Nf3 Bb4+ 4. Nbd2 b6 5. a3 Bxd2+ 6. Qxd2 Bb7 7. e3 0-0 8. Be2 d6 9. 0-0 Qe7 10. b4 Nbd7 11. Bb2 Rfe8 12. Qc2 e5 13. d5 Nf8 14. e4 Ng6 15. g3 Bc8 16. Ne1 Bh3 17. Ng2 h6 18. Rae1 Nh7 19. Qd1 Qd7 20. Bc1 Nf6 21. f3 h5 22. Rf2 h4 23. Nxh4 Nxh4 24. gxh4 a5 25. b5 Nh7 26. Bf1 Bxf1 27. Rexf1 Qh3 28. Rg2 Qxh4 29. Kh1 Kh8 30. Rfg1 Rg8 31. Rg4 Qh5 32. Qf1 g5 33. Qg2 f6 34. f4 exf4 35. Bxf4 Rae8 36. Bd2 Rg6 37. Bc3 Kg8 38. Rf1 Rf8 39. Kg1 Rf7 40. Rf3 Rgg7 41. Kf1 Kf8 42. Ke1 Qh6 43. Kd1 Ke7 44. Rgg3 Nf8 45. Rh3 Qg6 46. Qg4 Rh7 47. Rxh7 Qxh7 48. h3 Qg6 49. Kc1 Kd8 50. Rf5 Ke7 51. Rf3 Kd8 52. Rf5 Ke7 53. Bd4 Qh6 54. Rf3 Nd7 55. Qe6+ Kf8 56. Kc2 Qh5 57. Rf2 Qh4 58. Qf5 Qg3 59. Rf3 Qe1 60. Rf2 Nc5 61. Bxc5 bxc5 62. h4 Qa1 63. hxg5 Qa2+ 64. Kd1 Qb3+ 65. Kd2 Qb2+ 66. Kd1 Qb3+ 67. Kd2 Qxc4 68. gxf6 Qxb5 69. Qc8+ Qe8 70. Qh3 1-0

[Event "SVK-chT2A 1415"]
[Site "Slovakia"]
[Date "2014.10.11"]
[Round "1.2"]
[White "Kavon, Rastislav"]
[Black "Gabris, Ondrej"]
[Result "1/2-1/2"]
[WhiteElo "2153"]
[BlackElo "2251"]
[PlyCount "56"]
[EventDate "2014.10.11"]
[EventType "team-tourn"]
[EventRounds "11"]
[EventCountry "SVK"]
[SourceTitle "EXT 2016"]
[Source "ChessBase"]
[SourceDate "2015.10.08"]
[SourceVersion "1"]
[SourceVersionDate "2015.10.08"]
[SourceQuality "1"]
[WhiteTeam "Trnava Modranka"]
[BlackTeam "Pezinok"]
[WhiteTeamCountry "SVK"]
[BlackTeamCountry "SVK"]

1. e4 c5 2. Nf3 g6 3. d4 cxd4 4. Nxd4 Nc6 5. Nc3 Bg7 6. Be3 Nf6 7. Bc4 Qa5 8. Nxc6 bxc6 9. 0-0 0-0 10. Bb3 d6 11. f3 Be6 12. Qe2 d5 13. Rad1 Rfd8 14. exd5 Nxd5 15. Nxd5 Bxd5 16. Bf2 e5 17. Kh1 Rd7 18. Be1 Qc7 19. c4 Be6 20. Rxd7 Qxd7 21. Bc3 Re8 22. Rd1 Qc7 23. Bc2 f5 24. b3 Bc8 25. Qd2 Bf8 26. b4 Be6 27. Bb3 c5 28. b5 Bf7 1/2-1/2

[Event "Bratislava Slovan op"]
[Site "Bratislava"]
[Date "2014.04.30"]
[Round "6"]
[White "Kleman, Miroslav"]
[Black "Gabris, Ondrej"]
[Result "1/2-1/2"]
[WhiteElo "2218"]
[BlackElo "2247"]
[PlyCount "53"]
[EventDate "2014.04.26"]
[EventType "swiss"]
[EventRounds "9"]
[EventCountry "SVK"]
[SourceTitle "CBM 160 Extra"]
[Source "ChessBase"]
[SourceDate "2014.07.01"]
[SourceVersion "1"]
[SourceVersionDate "2014.07.01"]
[SourceQuality "1"]

1. c4 Nf6 2. Nc3 g6 3. g3 Bg7 4. Bg2 0-0 5. e4 d6 6. Nge2 c5 7. 0-0 Nc6 8. d3 a6 9. h3 Rb8 10. a4 Bd7 11. Be3 Ne8 12. Rb1 Nc7 13. Nd5 b5 14. axb5 axb5 15. Nxc7 Qxc7 16. cxb5 Rxb5 17. d4 cxd4 18. Nxd4 Nxd4 19. Bxd4 Bxd4 20. Qxd4 Qb6 21. Qxb6 Rxb6 22. Rfc1 Rfb8 23. Rc7 Be6 24. Rxe7 Kf8 25. Ra7 Rxb2 26. Rd1 Rc2 27. Ra3 1/2-1/2

[Event "Bratislava Slovan op"]
[Site "Bratislava"]
[Date "2014.04.29"]
[Round "5"]
[White "Gabris, Ondrej"]
[Black "Zatko, Gregor"]
[Result "1-0"]
[WhiteElo "2247"]
[BlackElo "2156"]
[PlyCount "83"]
[EventDate "2014.04.26"]
[EventType "swiss"]
[EventRounds "9"]
[EventCountry "SVK"]
[SourceTitle "CBM 160 Extra"]
[Source "ChessBase"]
[SourceDate "2014.07.01"]
[SourceVersion "1"]
[SourceVersionDate "2014.07.01"]
[SourceQuality "1"]

1. e4 e5 2. Nf3 Nc6 3. d4 exd4 4. Bc4 Bc5 5. c3 Nf6 6. cxd4 Bb4+ 7. Bd2 Bxd2+ 8. Nbxd2 d5 9. exd5 Nxd5 10. Qb3 Nce7 11. 0-0 0-0 12. Rfe1 c6 13. Ne4 Qb6 14. Nc5 Qxb3 15. Bxb3 h6 16. Rac1 Rd8 17. h3 b6 18. Nd3 Kf8 19. Nde5 Bb7 20. a4 a5 21. Bxd5 Rxd5 22. Nc4 Nc8 23. Re5 Rxe5 24. Ncxe5 b5 25. Nd7+ Ke8 26. Nc5 Nd6 27. Nxb7 Nxb7 28. Rxc6 bxa4 29. Rb6 Nd8 30. d5 Kd7 31. Ne5+ Kc7 32. Nc4 f6 33. f4 Ra7 34. Kf2 Rb7 35. Rxb7+ Kxb7 36. Ke3 Ka6 37. Nd6 Kb6 38. Kd4 g6 39. g4 f5 40. gxf5 gxf5 41. Kc4 h5 42. h4 1-0

[Event "SVK-chT2A 1314"]
[Site "Slovakia"]
[Date "2014.02.22"]
[Round "8.2"]
[White "Bronis, Marian"]
[Black "Gabris, Ondrej"]
[Result "0-1"]
[WhiteElo "2175"]
[BlackElo "2243"]
[PlyCount "81"]
[EventDate "2013.10.19"]
[EventType "team-tourn"]
[EventRounds "11"]
[EventCountry "SVK"]
[SourceTitle "EXT 2015"]
[Source "ChessBase"]
[SourceDate "2014.11.20"]
[SourceVersion "1"]
[SourceVersionDate "2014.11.20"]
[SourceQuality "1"]
[WhiteTeam "Krasnany"]
[BlackTeam "Pezinok"]
[WhiteTeamCountry "SVK"]
[BlackTeamCountry "SVK"]

1. d4 Nf6 2. c4 g6 3. Nc3 Bg7 4. e4 d6 5. Nge2 Na6 6. Ng3 Nd7 7. Be2 0-0 8. 0-0 e5 9. d5 Qh4 10. f4 exf4 11. Bxf4 Ne5 12. Qd2 h6 13. Rae1 Kh7 14. Nb5 Bg4 15. b3 Bxe2 16. Rxe2 Qe7 17. Rfe1 Nc5 18. Re3 a6 19. Nd4 Ng4 20. Rf3 Qh4 21. Ngf5 gxf5 22. Nxf5 Qf6 23. Nxg7 Qxg7 24. Rg3 f5 25. Bxh6 Qxh6 26. Rh3 Qxh3 27. gxh3 Ne5 28. Qf4 Nxe4 29. Kh1 Ng6 30. Qf3 Kg7 31. h4 Nxh4 32. Rg1+ Ng6 33. h4 Kf6 34. h5 Ne5 35. Qf4 Rh8 36. Qh4+ Kf7 37. h6 Rag8 38. Qh5+ Kf6 39. Rxg8 Rxg8 40. h7 Rh8 41. b4 0-1

[Event "SVK-chT2A 1314"]
[Site "Slovakia"]
[Date "2013.10.19"]
[Round "1.1"]
[White "Danada, Tomas"]
[Black "Gabris, Ondrej"]
[Result "0-1"]
[WhiteElo "2099"]
[BlackElo "2243"]
[PlyCount "88"]
[EventDate "2013.10.19"]
[EventType "team-tourn"]
[EventRounds "11"]
[EventCountry "SVK"]
[SourceTitle "EXT 2015"]
[Source "ChessBase"]
[SourceDate "2014.11.20"]
[SourceVersion "1"]
[SourceVersionDate "2014.11.20"]
[SourceQuality "1"]
[WhiteTeam "Bratislava Doprastav III"]
[BlackTeam "Pezinok"]
[WhiteTeamCountry "SVK"]
[BlackTeamCountry "SVK"]

1. d4 g6 2. e4 Bg7 3. Nc3 c5 4. d5 d6 5. Nf3 Nf6 6. Be2 0-0 7. 0-0 Na6 8. Re1 Nc7 9. a4 Bg4 10. h3 Bxf3 11. Bxf3 Nd7 12. Be2 b6 13. Bg5 a6 14. Qd2 Re8 15. h4 Rb8 16. Ra3 b5 17. axb5 axb5 18. Nd1 Ra8 19. Rh3 Ra1 20. h5 Qa8 21. hxg6 hxg6 22. c3 Qa4 23. Qf4 Nf6 24. Bf3 Nh7 25. Bh6 Be5 26. Qh4 Bf6 27. Qg4 b4 28. e5 dxe5 29. c4 Qc2 30. b3 Qf5 31. Qg3 Ng5 32. Bxg5 Qxg5 33. Qxg5 Bxg5 34. Rxe5 Bf6 35. Re3 Rd8 36. Rd3 Ne6 37. Rg3 Be5 38. Rg4 Nd4 39. Re4 f6 40. Bg4 Kg7 41. f4 Bd6 42. Re1 Rb1 43. g3 Ra8 44. Kf2 Ra2+ 0-1

[Event "Bratislava Slovan op"]
[Site "Bratislava"]
[Date "2013.05.04"]
[Round "9"]
[White "Hajek, Lukas"]
[Black "Gabris, Ondrej"]
[Result "0-1"]
[WhiteElo "2178"]
[BlackElo "2200"]
[PlyCount "84"]
[EventDate "2013.04.27"]
[EventType "swiss"]
[EventRounds "9"]
[EventCountry "SVK"]
[SourceTitle "CBM 154 Extra"]
[Source "ChessBase"]
[SourceDate "2013.06.25"]
[SourceVersion "2"]
[SourceVersionDate "2013.06.25"]
[SourceQuality "1"]

1. d4 Nf6 2. c4 g6 3. Nc3 Bg7 4. e4 d6 5. Be2 0-0 6. Nf3 Na6 7. 0-0 e5 8. Re1 Bg4 9. h3 Bxf3 10. Bxf3 exd4 11. Qxd4 Nc5 12. Qd1 Re8 13. Rb1 a5 14. b3 c6 15. Qd2 Qc7 16. Bb2 Re7 17. Rbd1 Rae8 18. Ba3 Re6 19. g3 b6 20. Bg2 Qe7 21. Bxc5 bxc5 22. h4 Nh5 23. Kf1 Nxg3+ 24. fxg3 Qf6+ 25. Kg1 Qxc3 26. Qxc3 Bxc3 27. Rf1 Bd4+ 28. Kh2 h5 29. a4 Kg7 30. Rd3 f6 31. Rf4 Be5 32. Rf1 g5 33. Kh3 Kh6 34. hxg5+ fxg5 35. Rf7 g4+ 36. Kh2 h4 37. Ra7 hxg3+ 38. Kh1 Kg5 39. Rh7 Rf8 40. Rd2 Rf4 41. Re2 Kg6 42. Ra7 Re8 0-1

[Event "Bratislava Slovan op"]
[Site "Bratislava"]
[Date "2013.05.02"]
[Round "7"]
[White "Karas, Marek"]
[Black "Gabris, Ondrej"]
[Result "0-1"]
[WhiteElo "1990"]
[BlackElo "2200"]
[PlyCount "80"]
[EventDate "2013.04.27"]
[EventType "swiss"]
[EventRounds "9"]
[EventCountry "SVK"]
[SourceTitle "CBM 154 Extra"]
[Source "ChessBase"]
[SourceDate "2013.06.25"]
[SourceVersion "2"]
[SourceVersionDate "2013.06.25"]
[SourceQuality "1"]

1. Nf3 c5 2. c4 Nf6 3. d4 cxd4 4. Nxd4 Nc6 5. Nc3 g6 6. g3 Bg7 7. Bg2 0-0 8. 0-0 Ng4 9. Nxc6 bxc6 10. e4 d6 11. Qc2 Qa5 12. Bd2 Qh5 13. h4 Ne5 14. b3 Nf3+ 15. Bxf3 Qxf3 16. Qd1 Qd3 17. Rc1 Qd4 18. Be3 Qe5 19. Qd2 Bh3 20. Rfe1 Qh5 21. Kh2 Be6 22. Ne2 Bg4 23. Bg5 e5 24. Be3 f5 25. exf5 Rxf5 26. Ng1 Raf8 27. Rf1 Bf6 28. f4 Bxh4 29. gxh4 Qxh4+ 30. Kg2 Rh5 31. Rf2 Bh3+ 32. Kf3 exf4 33. Bd4 Qg4+ 34. Ke4 Qf5+ 35. Kf3 Bg4+ 36. Kg2 Qe4+ 37. Kf1 Rh1 38. Rh2 Rxh2 39. Qxh2 Qxd4 40. Re1 Qd3+ 0-1

[Event "Bratislava Slovan op"]
[Site "Bratislava"]
[Date "2013.04.29"]
[Round "4"]
[White "Gabris, Ondrej"]
[Black "Sulek, Viliam"]
[Result "1-0"]
[WhiteElo "2200"]
[BlackElo "2070"]
[PlyCount "101"]
[EventDate "2013.04.27"]
[EventType "swiss"]
[EventRounds "9"]
[EventCountry "SVK"]
[SourceTitle "CBM 154 Extra"]
[Source "ChessBase"]
[SourceDate "2013.06.25"]
[SourceVersion "2"]
[SourceVersionDate "2013.06.25"]
[SourceQuality "1"]

1. e4 c5 2. Nc3 Nc6 3. f4 d6 4. Nf3 Bg4 5. Bb5 e6 6. Bxc6+ bxc6 7. d3 g6 8. 0-0 Rb8 9. b3 Bg7 10. Bd2 Bxf3 11. Rxf3 Ne7 12. Qe1 Bd4+ 13. Kh1 d5 14. Rd1 0-0 15. Na4 c4 16. dxc4 Bg7 17. Bb4 Re8 18. Bc5 Qc7 19. e5 Nc8 20. Qc3 Rb7 21. Rfd3 Nb6 22. Nb2 Rc8 23. a4 Nd7 24. Bd4 c5 25. Bf2 d4 26. Qe1 Nb8 27. Rh3 Nc6 28. Nd3 Ne7 29. g4 Qc6+ 30. Kg1 h5 31. gxh5 Nf5 32. hxg6 fxg6 33. Qf1 Bh6 34. Qg2 Qb6 35. Kf1 Rg7 36. Ke2 g5 37. fxg5 Bxg5 38. Rg1 Rf8 39. Qe4 Qc7 40. Rh5 Bh6 41. Rg4 Qf7 42. Rh3 Rxg4 43. Qxg4+ Kh7 44. Nxc5 Rg8 45. Qf3 Qg6 46. Ne4 d3+ 47. cxd3 Rf8 48. Nf6+ Kh8 49. Be3 Kg7 50. Bxh6+ Nxh6 51. Rg3 1-0

[Event "SVK-chT1W 1213"]
[Site "Slovakia"]
[Date "2012.12.08"]
[Round "3.2"]
[White "Gabris, Ondrej"]
[Black "Kaniansky, Miroslav"]
[Result "1/2-1/2"]
[WhiteElo "2206"]
[BlackElo "2209"]
[PlyCount "40"]
[EventDate "2012.10.20"]
[EventType "team-tourn"]
[EventRounds "11"]
[EventCountry "SVK"]
[SourceTitle "EXT 2014"]
[Source "ChessBase"]
[SourceDate "2013.11.20"]
[SourceVersion "1"]
[SourceVersionDate "2013.11.20"]
[SourceQuality "1"]
[WhiteTeam "Pezinok"]
[BlackTeam "Prievidza"]
[WhiteTeamCountry "SVK"]
[BlackTeamCountry "SVK"]

1. e4 e5 2. Nf3 Nc6 3. d4 exd4 4. Bc4 Bc5 5. c3 Nf6 6. cxd4 Bb4+ 7. Bd2 Bxd2+ 8. Nbxd2 d5 9. exd5 Nxd5 10. Qb3 Nce7 11. 0-0 0-0 12. Rfe1 c6 13. Ne4 h6 14. Nc5 Qb6 15. Ne5 Qxb3 16. Bxb3 Rd8 17. Rad1 b6 18. Ne4 Be6 19. Nc3 Rac8 20. g3 Kf8 1/2-1/2

[Event "SVK-chT1W 1112"]
[Site "Slovakia"]
[Date "2012.03.03"]
[Round "10.2"]
[White "Gabris, Ondrej"]
[Black "Pagerka, Martin"]
[Result "1/2-1/2"]
[WhiteElo "2146"]
[BlackElo "2200"]
[PlyCount "79"]
[EventDate "2011.10.15"]
[EventType "team-tourn"]
[EventRounds "11"]
[EventCountry "SVK"]
[SourceTitle "EXT 2013"]
[Source "ChessBase"]
[SourceDate "2012.11.22"]
[SourceVersion "1"]
[SourceVersionDate "2012.11.22"]
[SourceQuality "1"]
[WhiteTeam "Pezinok"]
[BlackTeam "Osuske"]
[WhiteTeamCountry "SVK"]
[BlackTeamCountry "SVK"]

1. e4 c5 2. d4 cxd4 3. c3 d3 4. Bxd3 d6 5. c4 Nf6 6. Nc3 e6 7. Be3 Be7 8. f4 Nc6 9. h3 a6 10. Nf3 d5 11. cxd5 exd5 12. e5 Nd7 13. 0-0 Nc5 14. Bc2 Nb4 15. Bb1 Ne6 16. a3 d4 17. Nxd4 Bc5 18. Nf5 Bxe3+ 19. Nxe3 Qxd1 20. Rxd1 Nc6 21. Ncd5 0-0 22. Nb6 Rb8 23. Ned5 Rd8 24. Ba2 Ned4 25. Nxc8 Rbxc8 26. Kf2 Kf8 27. Rac1 Re8 28. Nb6 Rcd8 29. Rd2 g5 30. g3 h5 31. h4 gxf4 32. gxf4 f6 33. Rg1 fxe5 34. Rg8+ Ke7 35. Rg7+ Kf6 36. Rf7+ Kg6 37. Rxb7 Kf5 38. Nd5 Rf8 39. Rg7 Ke4 40. Rg3 1/2-1/2

[Event "Nove Zamky op"]
[Site "Nove Zamky"]
[Date "2010.08.12"]
[Round "3"]
[White "Kutny, Marian"]
[Black "Gabris, Ondrej"]
[Result "0-1"]
[WhiteElo "1751"]
[BlackElo "2135"]
[PlyCount "120"]
[EventDate "2010.08.11"]
[EventType "swiss"]
[EventRounds "7"]
[EventCountry "SVK"]
[SourceTitle "CBM 137 Extra"]
[Source "ChessBase"]
[SourceDate "2010.09.01"]
[SourceVersion "1"]
[SourceVersionDate "2010.09.01"]
[SourceQuality "1"]

1. d4 Nf6 2. c4 e5 3. dxe5 Ng4 4. Nf3 Bc5 5. e3 Nc6 6. Nc3 0-0 7. Be2 Re8 8. 0-0 Ngxe5 9. a3 a5 10. b3 Nxf3+ 11. Bxf3 Ne5 12. Bb2 Ra6 13. Ne4 Ba7 14. Bd4 Bb8 15. Nc5 Rh6 16. g3 c6 17. Nd3 d6 18. Nxe5 dxe5 19. Bc3 Qc7 20. e4 Bh3 21. Bg2 Bxg2 22. Kxg2 Qc8 23. h4 Bc7 24. Bd2 Rd6 25. Qe2 Qd7 26. Be3 Rd8 27. b4 Rd3 28. c5 h6 29. Rfb1 f5 30. exf5 Qxf5 31. Qf3 Qe6 32. Qe4 Qd5 33. Qxd5+ cxd5 34. Rd1 Rxd1 35. Rxd1 d4 36. Bd2 axb4 37. Bxb4 e4 38. Kf1 Kf7 39. Ke2 Ke6 40. Rc1 Kd5 41. f4 g5 42. hxg5 hxg5 43. fxg5 Rg8 44. Rh1 Rxg5 45. Rh7 Bxg3 46. Rxb7 Rf5 47. Rd7+ Kc4 48. c6 Rf2+ 49. Kd1 Kd3 50. Kc1 Rc2+ 51. Kb1 Rxc6 52. Kb2 e3 53. Kb3 e2 54. Re7 Rb6 55. Ka4 Rxb4+ 56. axb4 e1Q 57. Rxe1 Bxe1 58. b5 Kc4 59. b6 d3 60. b7 Bg3 0-1